00683 2200253 4500001002100000005001500021035002000036245003300056100002900089250001000118300003100128700003100159264003300190336002100223337003000244338001800274082001400292084002000306020001800326650002000344650001100364008004100375990001300416INLIS00000000000237220250811085648 a0010-08250001021 aRacun tikus /cEky Shalsabiq0 aEky ShalsabiqePengarang aCet.1 aiv + 180 hal ;c13 x 20 cm0 aFaisal AdhimasePenyunting aJakarta :bWahyuMedia,c2012 2rdacontentaTeks 2rdamediaaTanpa perantara 2rdacarriera_ a899.221 7 a899.221 7 EKY r a979-795-638-5 4aFiksi Indonesia 4aKomedi250811 0 ind  a25000577